000 00530nam a22001932 4500
001 0000006305
005 20151217154359.0
008 071016s xx 000 0 eng d
020 _a8176354368 :
_cKES 4160
040 _aKABU
_cKABU
100 1 _aWhite, Ron.
_@0000037464
245 1 0 _aHow computers work /
_cRon White.
260 _aNew Delhi :
_bTechmedia,
_c2000.
300 _a421 p.
650 0 _aMicrocomputers.
_@0000154269
908 _a071016
950 _@1
999 _c10893
_d10893